| 000 | 00549nam a22001937a 4500 | ||
|---|---|---|---|
| 005 | 20250626103921.0 | ||
| 010 | _aENG-145580 | ||
| 020 |
_a9789382633372 _c700.00 |
||
| 035 | _aEN-129112 | ||
| 037 | _bDABD | ||
| 082 | _a230 | ||
| 100 |
_aGupta, Jai Prakash _982363 |
||
| 245 |
_aHindu Scripture: _cJai Prakash Gupta _bDiverse Nature of Hinduism/ |
||
| 250 | _a1 | ||
| 260 |
_aAllahabad _bShabd Prakashan _c2016 |
||
| 270 |
_a116/70, Lukerganj _bAllahabad _e211001 |
||
| 300 |
_a136p. _c21cm(Hb) |
||
| 942 |
_2ddc _cEN _h230 _mGUP |
||
| 999 |
_c211960 _d211960 |
||